| 000 | 01083nam a22002417a 4500 | ||
|---|---|---|---|
| 003 | NALT | ||
| 005 | 20250606163603.0 | ||
| 008 | 220211b th ||||| |||| 00| 0 tha d | ||
| 020 | _a9742824452 | ||
| 040 | _aNALT | ||
| 090 |
_aKS 47 _bผ951ต 2541 |
||
| 100 | 0 |
_aไผทชิต เอกจริยกร. _918922 |
|
| 245 | 1 | 0 |
_aตัวแทน-นายหน้า = _bAgency and brokerage / _cไผทชิต เอกจริยกร. |
| 246 | 3 | 4 | _aAgency and brokerage. |
| 250 | _aพิมพ์ครั้งที่ 3. | ||
| 260 |
_aกรุงเทพฯ : _bวิญญูชน, _c2545. |
||
| 300 |
_a324 หน้า ; _c26 ซม. |
||
| 650 | 4 |
_916007 _aกฎหมายแพ่งและพาณิชย์ _xตัวแทน |
|
| 650 | 4 |
_916008 _aกฎหมายแพ่งและพาณิชย์ _xนายหน้า |
|
| 850 | _aNALT | ||
| 942 |
_2local _cLB |
||
| 998 |
_akornsiririn _j1020 _k นางจำเรียง ระวังสำโรง |
||
| 999 |
_c99562 _d99562 |
||